Loading...
| Fine Arts - Auditory Fine Arts | 1 | 3 | 0 | 1 | 45 | 62 | 92.50 | 1 | 3 |
| History - Other History | 0 | 2 | 0 | 0 | 20 | 73 | 104.00 | 2 | 2 |
| Science - Physics | 0 | 2 | 0 | 1 | 20 | 123 | 126.50 | 1 | 2 |
| Mythology | 1 | 0 | 0 | 0 | 15 | 40 | 40.00 | 1 | 1 |
| Religion | 1 | 0 | 0 | 0 | 15 | 27 | 27.00 | 1 | 1 |
| History - World History | 0 | 1 | 0 | 0 | 10 | 120 | 120.00 | 0 | 0 |
| Fine Arts - Other Fine Arts | 0 | 1 | 0 | 0 | 10 | 108 | 108.00 | 0 | 1 |
| Literature - World Literature | 0 | 1 | 0 | 0 | 10 | 114 | 114.00 | 0 | 1 |
| Social Science | 1 | 0 | 1 | 0 | 10 | 36 | 36.00 | 0 | 1 |
| Science - Biology | 0 | 1 | 0 | 1 | 10 | 117 | 117.00 | 0 | 1 |
| Science - Chemistry | 0 | 1 | 0 | 0 | 10 | 78 | 78.00 | 0 | 1 |
| History - American History | 0 | 1 | 1 | 1 | 5 | 137 | 137.00 | 0 | 1 |
| Science - Other Science | 0 | 1 | 1 | 0 | 5 | 97 | 97.00 | 0 | 1 |